Candidatos Presidenciais Perdedores do Brasil - Statistics

Estatísticas Gerais
  • Esse quiz foi jogado 4 592 vezes
    3 430 desde o último reset
  • A pontuação média é 9 de 25
Estatísticas das Respostas
Ano Partido Candidato % Correto
2022 PL Jair Bolsonaro
99%
1989, 1994, 1998 PT, PT, PT Luiz Inácio Lula da Silva
94%
2018 PT Fernando Haddad
93%
1998, 2002, 2018 PPS, PPS, PDT Ciro Gomes
81%
2014 PSDB Aécio Neves
77%
2010, 2014 PSB, PV Marina Silva
74%
2002, 2010 PSDB, PSDB José Serra
60%
2006 PSDB Geraldo Alckmin
58%
1930 AL Getúlio Vargas
42%
1989 PDT Leonel Brizola
37%
1985 PDS Paulo Maluf
26%
1989 PSDB Mário Covas
22%
2002 PSB Anthony Garotinho
21%
1945, 1950 UDN, UDN Eduardo Gomes
13%
1910, 1919 PRP, PRP Ruy Barbosa
13%
1974 MDB Ulysses Guimarães
13%
1960 PSD Henrique Teixeira Lott
10%
1922 RR Nilo Peçanha
9%
1955, 1960 PSP, PSP Adhemar de Barros
8%
1955 UDN Juarez Távora
7%
1891 PRP Prudente de Morais
7%
1894 PRM Afonso Pena
6%
1934 PRR Borges de Medeiros
5%
1950 PSD Cristiano Machado
5%
1978 MDB Euler Bentes Monteiro
4%
Nenhum quiz correspondente encontrado
Distribuição das Pontuações
Porcentagem de Pessoas com Cada Pontuação
Percentil de Números Respondidos
Sua Pontuação Histórica
Você não jogou esse quiz desde o último reset